000 01940nab a2200301 a 4500
005 20210219162348.0
008 991125s1985 mx 000 0 spa u
035 _aUPN01000202621
049 _aART-E
100 1 _aPoza Ruiz, Vanesa
100 1 _aDe la Blanca de la Paz, Soledad
222 0 _aAULA DE ENCUENTRO
245 0 3 _aEl desafíode la escuela inclusiva a través de los proyectos de trabajo y del método científico en un aula de primaria
260 _aEspaña
300 _a4-41
362 0 _a2014 Vol. 2, no. 16
520 3 _aLa complejidad y los continuos cambios a los que nos enfrentamos los ciudadanos del siglo XXI tienen su reflejo en la realidad diaria de las aulas. Esta situación plantea como un nuevo reto al sistema educativo el hacer realidad la escuela inclusiva. Este artículo pretende compartir la experiencia realizada a través de un Proyecto de trabajo en un aula de 1º de Educación Primaria bajo la perspectiva del principio de inclusión. Su finalidad ha estado centrada en proporcionar una atención de calidad a la diversidad de niños y niñas del grupo y, como consecuencia, poder satisfacer y dar respuesta a sus necesidades educativas, desarrollando al máximo las capacidades de todos y cada uno de ellos. Describimos el proceso seguido durante el desarrollo del proyecto centrado en las características del alumnado y no en la lógica disciplinar de los contenidos, facilitando la diversificación de la enseñanza y la personalización de las experiencias cooperativas de aprendizaje.
653 0 _aEDUCACION INCLUSIVA
653 0 _aDIVERSIDAD
653 0 _aEDUCACION PRIMARIA
653 0 _aAPRENDIZAJE POR PROYECTOS
856 4 _uhttp://revistaselectronicas.ujaen.es/index.php/ADE/article/view/2116/1888
905 _aArticulo
336 _atexto$2rdacontent
337 _acomputadora$2rdamedia
338 _arecurso en linea$2rdacarrier
999 _c174722
_d174722